01123cam a22003617a 45000010005000000030006000050050017000110080041000280100017000690200030000860200018001160200027001340200025001610200022001860400018002080500015002260820011002411000015002522450018002672600038002853000047003234900046003705000034004165000020004505050007004705200114004775210029005915210018006206500045006386500024006836500029007076550025007366871FISKH20250604094110.0101018s20092003nyua a 001 0 eng d a 2010513866 a9780756656027 (hardcover) a9780756656010 a0756656028 (hardcover) a9780756656010 (pbk.) a075665601X (pbk.) aON8cON8beng aQL125 .F57 a591.77 aAnonymous 00aFishy tales / aNew York :bDK Publishing,c2009. a32 pages : bcolor illustrations ; c23 cm0 aDK readers, pre-level 1, learning to read aPreviously published in 2003. aIncludes index. aE  aIntroduces various creatures that live in or near a coral reef, including sea horses, starfish, and dolphins.8 a260 bLexile estimate 8 aE bRaz-Plus  0aCoral reef animalsvJuvenile literature. 1aCoral reef animals. 1aCoral reefs and islands. 0aReaders (Elementary)